|
|
|
|
| LEADER |
02264nam a22004815i 4500 |
| 001 |
978-0-306-46803-2 |
| 003 |
DE-He213 |
| 005 |
20151030141039.0 |
| 007 |
cr nn 008mamaa |
| 008 |
100301s2002 xxu| s |||| 0|eng d |
| 020 |
|
|
|a 9780306468032
|9 978-0-306-46803-2
|
| 024 |
7 |
|
|a 10.1007/b112382
|2 doi
|
| 040 |
|
|
|d GrThAP
|
| 050 |
|
4 |
|a QH345
|
| 050 |
|
4 |
|a QD415-436
|
| 072 |
|
7 |
|a PSB
|2 bicssc
|
| 072 |
|
7 |
|a SCI007000
|2 bisacsh
|
| 082 |
0 |
4 |
|a 572
|2 23
|
| 245 |
1 |
0 |
|a Protein Delivery
|h [electronic resource] :
|b Physical Systems /
|c edited by Lynda M. Sanders, R. Wayne Hendren.
|
| 264 |
|
1 |
|a Boston, MA :
|b Springer US,
|c 2002.
|
| 300 |
|
|
|a XXI, 433 p.
|b online resource.
|
| 336 |
|
|
|a text
|b txt
|2 rdacontent
|
| 337 |
|
|
|a computer
|b c
|2 rdamedia
|
| 338 |
|
|
|a online resource
|b cr
|2 rdacarrier
|
| 347 |
|
|
|a text file
|b PDF
|2 rda
|
| 490 |
1 |
|
|a Pharmaceutical Biotechnology,
|x 1078-0467 ;
|v 10
|
| 505 |
0 |
|
|a Protein Delivery from Biodegradable Microspheres -- Degradable Controlled Release Systems Useful for Protein Delivery -- Delivery of Proteins from a Controlled Release Injectable Implant -- Protein Delivery from Nondegradable Polymer Matrices -- Diffusion-Controlled Delivery of Proteins from Hydrogels and Other Hydrophilic Systems -- Poly(ethyleneglycol)-Coated Nanospheres: Potential Carriers for Intravenous Drug Administration -- Multiple Emulsions for the Delivery of Proteins -- Transdermal Peptide Delivery Using Electroporation -- Protein Delivery with Infusion Pumps -- Oral Delivery of Microencapsulated Proteins -- Controlled Delivery of Somatotropins -- Insulin Iontophoresis -- Insulin Formulation and Delivery.
|
| 650 |
|
0 |
|a Pharmacy.
|
| 650 |
|
0 |
|a Life sciences.
|
| 650 |
|
0 |
|a Biochemistry.
|
| 650 |
1 |
4 |
|a Life Sciences.
|
| 650 |
2 |
4 |
|a Biochemistry, general.
|
| 650 |
2 |
4 |
|a Pharmacy.
|
| 700 |
1 |
|
|a Sanders, Lynda M.
|e editor.
|
| 700 |
1 |
|
|a Hendren, R. Wayne.
|e editor.
|
| 710 |
2 |
|
|a SpringerLink (Online service)
|
| 773 |
0 |
|
|t Springer eBooks
|
| 776 |
0 |
8 |
|i Printed edition:
|z 9780306453595
|
| 830 |
|
0 |
|a Pharmaceutical Biotechnology,
|x 1078-0467 ;
|v 10
|
| 856 |
4 |
0 |
|u http://dx.doi.org/10.1007/b112382
|z Full Text via HEAL-Link
|
| 912 |
|
|
|a ZDB-2-SBL
|
| 912 |
|
|
|a ZDB-2-BAE
|
| 950 |
|
|
|a Biomedical and Life Sciences (Springer-11642)
|